<?xml version="1.0" encoding="UTF-8"?>
<record
    xmlns:xsi="http://www.w3.org/2001/XMLSchema-instance"
    xsi:schemaLocation="http://www.loc.gov/MARC21/slim http://www.loc.gov/standards/marcxml/schema/MARC21slim.xsd"
    xmlns="http://www.loc.gov/MARC21/slim">

  <leader>01141nam a2200205Ia 4500</leader>
  <controlfield tag="003">Ost</controlfield>
  <controlfield tag="005">20260426125804.0</controlfield>
  <controlfield tag="008">260426s9999||||xx |||||||||||||| ||und||</controlfield>
  <datafield tag="040" ind1=" " ind2=" ">
    <subfield code="c">fsecg</subfield>
  </datafield>
  <datafield tag="041" ind1=" " ind2=" ">
    <subfield code="a">fre</subfield>
  </datafield>
  <datafield tag="082" ind1=" " ind2=" ">
    <subfield code="a">330</subfield>
  </datafield>
  <datafield tag="100" ind1=" " ind2=" ">
    <subfield code="a">Hadjene, Omar</subfield>
    <subfield code="e">Auteur</subfield>
  </datafield>
  <datafield tag="245" ind1=" " ind2="0">
    <subfield code="a">Cours d'&#xE9;conomie d'entreprise / </subfield>
    <subfield code="c">Omar Hadjene</subfield>
  </datafield>
  <datafield tag="260" ind1=" " ind2=" ">
    <subfield code="a">Alger :</subfield>
    <subfield code="b">Universit&#xE9; d'Alger3 Facult&#xE9; des sciences &#xE9;conomiques commerciales et des sciences de gestion,</subfield>
    <subfield code="c">2020</subfield>
  </datafield>
  <datafield tag="300" ind1=" " ind2=" ">
    <subfield code="a">121  feuil,</subfield>
    <subfield code="b">illustration,</subfield>
    <subfield code="c">30 cm</subfield>
  </datafield>
  <datafield tag="504" ind1=" " ind2=" ">
    <subfield code="a">bibliographie feuil 119</subfield>
  </datafield>
  <datafield tag="520" ind1=" " ind2=" ">
    <subfield code="a">ce polycopie introduit des outils d'analyse&#xE9;conomique simples qui servent a' identifier les facteurs explicatifs et les leviers de la performance des entreprises il comporte la pr&#xE9;sentation , d'une part , de l'enteprise et ses diff&#xE9;rentes fonctions , d'outre pare , de moe'les farmalis&#xE9;s et d'outils manag&#xE9;riaux d'usage courant , qui permettent de se rapprocher des coditions r&#xE9;elles de prise de d&#xE9;cision dens l'entreprise.</subfield>
  </datafield>
  <datafield tag="710" ind1=" " ind2=" ">
    <subfield code="a">Universit&#xE9; d'Alger3 Facult&#xE9; des sciences &#xE9;conomiques commerciales et des sciences de gestion</subfield>
    <subfield code="e">&#xC9;diteur scientifique</subfield>
  </datafield>
  <datafield tag="942" ind1=" " ind2=" ">
    <subfield code="c">HANDOUT</subfield>
  </datafield>
  <datafield tag="952" ind1=" " ind2=" ">
    <subfield code="0">0</subfield>
    <subfield code="1">0</subfield>
    <subfield code="2">ddc</subfield>
    <subfield code="4">0</subfield>
    <subfield code="7">-1</subfield>
    <subfield code="a">fsecg</subfield>
    <subfield code="b">fsecg</subfield>
    <subfield code="d">2026-04-26</subfield>
    <subfield code="h">deuxi&#xE8;me &#xE9;tage</subfield>
    <subfield code="i">Po.335-1 </subfield>
    <subfield code="l">0</subfield>
    <subfield code="o">Po.335 exp1</subfield>
    <subfield code="p">Po.335-1</subfield>
    <subfield code="r">2026-04-26 12:58:04</subfield>
    <subfield code="w">2026-04-26</subfield>
    <subfield code="y">HANDOUT</subfield>
  </datafield>
  <datafield tag="999" ind1=" " ind2=" ">
    <subfield code="c">41493</subfield>
    <subfield code="d">41493</subfield>
  </datafield>
</record>
